[Event "FIDE Online Nations Cup - Stati Uniti-Cina"]
[Site "Internet"]
[Date "07.05.2020"]
[Round "5"]
[Board "3"]
[White "Dominguez Perez, Leinier"]
[Black "Yu, Yangyi"]
[Result "0-1"]
[WhiteTitle "GM"]
[BlackTitle "GM"]
[WhiteElo "2758"]
[BlackElo "2709"]
[WhiteTeam "USA"]
[BlackTeam "China"]
[WhiteFideId "3503240"]
[BlackFideId "8603820"]
[EventDate "2020.05.05"]

1. e4 e5 2. Nf3 Nf6 3. d4 Nxe4 4. Bd3 d5 5. Nxe5 Bd6 6. Nc3 Nxc3 7. bxc3 O-O 8.
O-O Qh4 9. Re1 Nc6 10. Rb1 Nxe5 11. dxe5 Bc5 12. Qf3 b6 13. Be3 Be6 14. Bxc5
bxc5 15. Rb5 c4 16. Bf1 Rab8 17. Reb1 Rb6 18. a4 Rfb8 19. Qe3 Qe7 20. g3 h6 21.
R1b4 c5 22. Rxb6 axb6 23. Rb1 Qa7 24. Ra1 Rd8 25. Bg2 d4 26. cxd4 cxd4 27. Qd2
Qc7 28. a5 bxa5 29. Qxa5 Qxa5 30. Rxa5 d3 31. cxd3 cxd3 32. Bf3 d2 33. Bd1 Rb8
34. Ra1 Rc8 35. Kf1 Bc4+ 36. Kg1 Bd5 37. Ra5 Be4 0-1

[Event "FIDE Online Nations Cup - Stati Uniti-Cina"]
[Site "Internet"]
[Date "07.05.2020"]
[Round "5"]
[Board "4"]
[White "Hou, Yifan"]
[Black "Krush, Irina"]
[Result "1-0"]
[WhiteTitle "GM"]
[BlackTitle "GM"]
[WhiteElo "2658"]
[BlackElo "2429"]
[WhiteTeam "China"]
[BlackTeam "USA"]
[WhiteFideId "8602980"]
[BlackFideId "2012782"]
[EventDate "2020.05.05"]

1. e4 c5 2. Nf3 d6 3. Bb5+ Bd7 4. c4 Bxb5 5. cxb5 Nf6 6. Nc3 g6 7. d4 cxd4 8.
Nxd4 Bg7 9. O-O O-O 10. Be3 Nbd7 11. Qe2 Rc8 12. Rfd1 Re8 13. Rac1 e6 14. Nb3
Nb6 15. Na5 d5 16. e5 Nfd7 17. Nxb7 Qh4 18. Nd6 Bxe5 19. g3 Qf6 20. Nxc8 Rxc8
21. f4 Bb8 22. Bxb6 Nxb6 23. Nxd5 exd5 24. Rxc8+ Nxc8 25. Qe8+ Kg7 26. Qxc8 Qb6+
27. Kg2 Qxb5 28. Qc3+ Kg8 29. Rd2 Bd6 30. Qb3 Qa6 31. Qxd5 Be7 32. f5 Bf6 33.
fxg6 hxg6 34. Rf2 Kg7 35. Qf3 Qe6 36. Qxf6+ 1-0

[Event "FIDE Online Nations Cup - Stati Uniti-India"]
[Site "Internet"]
[Date "07.05.2020"]
[Round "6"]
[Board "1"]
[White "Nakamura, Hikaru"]
[Black "Anand, Viswanathan"]
[Result "1/2-1/2"]
[WhiteTitle "GM"]
[BlackTitle "GM"]
[WhiteElo "2736"]
[BlackElo "2753"]
[WhiteTeam "USA"]
[BlackTeam "India"]
[WhiteFideId "2016192"]
[BlackFideId "5000017"]
[EventDate "2020.05.05"]

1. c4 e6 2. Nc3 d5 3. d4 Nf6 4. cxd5 exd5 5. Bg5 c6 6. e3 Bf5 7. Qf3 Bg6 8. Bxf6
Qxf6 9. Qxf6 gxf6 10. Nf3 Nd7 11. Nh4 Be7 12. Be2 f5 13. Nf3 Nb6 14. O-O a5 15.
Bd3 Bd6 16. g3 Ke7 17. Ne2 Kf6 18. Nf4 a4 19. Rac1 Nd7 20. Rc2 Nf8 21. Ng2 Ne6
22. Nfh4 f4 23. Bxg6 hxg6 24. gxf4 Rag8 25. Kh1 g5 26. fxg5+ Nxg5 27. f3 Ke6 28.
Re2 Kd7 29. e4 Rh5 30. e5 Bc7 31. f4 Ne4 32. f5 Rg4 33. Rf3 Rgxh4 34. Nxh4 Rxh4
35. Rg2 Rh7 36. b3 c5 37. e6+ Ke7 38. dxc5 fxe6 39. fxe6 Kxe6 40. Rg6+ Ke5 41.
c6 bxc6 42. Rxc6 Bd6 43. bxa4 Ra7 44. Rc2 Rxa4 45. h4 Rc4 46. Re2 d4 47. Kg2 Rc7
48. h5 Rh7 49. Rh3 Kd5 50. h6 Nf6 51. a4 Ng4 52. a5 Nxh6 53. Rh5+ Kc4 54. Rc2+
Kd3 55. Rc6 Bf4 56. Rf6 Be3 57. Kf3 Ra7 58. a6 Nf7 59. Rb5 Ng5+ 60. Kg4 Ne4 61.
Rg6 Ra8 62. Ra5 Ke2 63. Ra2+ Nd2 64. a7 d3 65. Re6 Kf2 66. Rd6 Rxa7 67. Rxa7
Bxa7 68. Rxd3 Be3 69. Rxe3 Kxe3 1/2-1/2

[Event "FIDE Online Nations Cup - Stati Uniti-India"]
[Site "Internet"]
[Date "07.05.2020"]
[Round "6"]
[Board "2"]
[White "Vidit, Santosh Gujrathi"]
[Black "Caruana, Fabiano"]
[Result "1/2-1/2"]
[WhiteTitle "GM"]
[BlackTitle "GM"]
[WhiteElo "2726"]
[BlackElo "2835"]
[WhiteTeam "India"]
[BlackTeam "USA"]
[WhiteFideId "5029465"]
[BlackFideId "2020009"]
[EventDate "2020.05.05"]

1. d4 Nf6 2. c4 g6 3. Nc3 Bg7 4. g3 O-O 5. Bg2 d6 6. Nf3 c6 7. O-O Bf5 8. b3 Ne4
9. Bb2 Nxc3 10. Bxc3 Be4 11. e3 Nd7 12. Qe2 c5 13. Rac1 Qc7 14. Rfd1 a5 15. Bh3
b6 16. Ng5 Bb7 17. d5 Bxc3 18. Rxc3 a4 19. e4 axb3 20. axb3 Nf6 21. f4 h6 22.
Nf3 e5 23. dxe6 Nxe4 24. exf7+ Qxf7 25. Re3 Rfe8 26. Re1 Qg7 27. Qd3 Ra1 28.
Rxa1 Qxa1+ 29. Re1 Qg7 30. Nd2 Nf6 31. Re6 Rxe6 32. Bxe6+ Kh7 33. Qxd6 Ne4 34.
Nxe4 Bxe4 35. Qd2 Qf6 36. Qd7+ Qg7 37. Bg4 Bc2 38. Kf2 Bxb3 39. Qxg7+ Kxg7 40.
Be2 Kf6 41. Ke3 Ba4 42. h4 h5 43. g4 hxg4 44. Bxg4 Be8 45. Ke4 Bc6+ 46. Ke3 b5
47. cxb5 Bxb5 48. h5 gxh5 49. Bxh5 c4 50. Kd4 Kf5 51. Be2 Kxf4 52. Bxc4 1/2-1/2

[Event "FIDE Online Nations Cup - Stati Uniti-India"]
[Site "Internet"]
[Date "07.05.2020"]
[Round "6"]
[Board "3"]
[White "So, Wesley"]
[Black "Adhiban, Baskaran"]
[Result "1-0"]
[WhiteTitle "GM"]
[BlackTitle "GM"]
[WhiteElo "2770"]
[BlackElo "2659"]
[WhiteTeam "USA"]
[BlackTeam "India"]
[WhiteFideId "5202213"]
[BlackFideId "5018471"]
[EventDate "2020.05.05"]

1. e4 e5 2. Nf3 Nc6 3. Bb5 a6 4. Ba4 Nf6 5. O-O Bc5 6. Bxc6 dxc6 7. d3 Qe7 8.
Nbd2 Bg4 9. Nc4 Nd7 10. h3 Bh5 11. a3 O-O-O 12. b4 Bd4 13. Rb1 Nb6 14. Ne3 Bxe3
15. Bxe3 g5 16. Bxg5 f6 17. Bh4 Rhg8 18. Qe2 Na4 19. Rb3 Rdf8 20. Qe3 Kb8 21.
Kh2 Ka8 22. c4 Nb6 23. Bg3 f5 24. Nxe5 fxe4 25. dxe4 Qe6 26. c5 Nc8 27. Rd3 Ne7
28. Re1 Ka7 29. a4 Be8 30. Rd8 h5 31. h4 Qf6 32. b5 cxb5 33. axb5 Bxb5 34. c6+
b6 35. Nd7 Rxg3 36. Qxg3 1-0

[Event "FIDE Online Nations Cup - Stati Uniti-India"]
[Site "Internet"]
[Date "07.05.2020"]
[Round "6"]
[Board "4"]
[White "Koneru, Humpy"]
[Black "Krush, Irina"]
[Result "1/2-1/2"]
[WhiteTitle "GM"]
[BlackTitle "GM"]
[WhiteElo "2586"]
[BlackElo "2429"]
[WhiteTeam "India"]
[BlackTeam "USA"]
[WhiteFideId "5008123"]
[BlackFideId "2012782"]
[EventDate "2020.05.05"]

1. d4 d5 2. c4 dxc4 3. Nf3 Nf6 4. e3 e6 5. Bxc4 c5 6. O-O Nc6 7. Qe2 a6 8. Nc3
b5 9. Bd3 cxd4 10. exd4 Be7 11. Bg5 Bb7 12. Bxf6 Bxf6 13. d5 Nb4 14. Bxb5+ Kf8
15. Bc4 Nxd5 16. Ne4 g6 17. Rac1 Kg7 18. Rfd1 Qe7 19. Nxf6 Qxf6 20. Qe5 Rhd8 21.
Kf1 a5 22. Qxf6+ Kxf6 23. Nd2 Nb4 24. f3 Nd3 25. Bxd3 Rxd3 26. Nb3 Rxd1+ 27.
Rxd1 Bd5 28. Rd4 Bxb3 29. axb3 Rb8 30. Rd3 e5 31. Ke2 Ke6 32. Kd1 f5 33. Kc2 e4
34. fxe4 fxe4 35. Rd4 Ke5 36. Ra4 Rb5 37. Kd2 Kf4 38. Ke2 Rxb3 39. g3+ Ke5 40.
Rxa5+ Kd4 41. Ra4+ Ke5 42. Ra5+ Kf6 43. Ra2 Kf5 44. Kf2 h5 45. h3 h4 46. Ra5+
Kf6 47. gxh4 Rxh3 48. b4 Rxh4 49. Ke3 Ke6 50. Rg5 Rh3+ 51. Kxe4 Rh4+ 52. Ke3
Rxb4 53. Rxg6+ Kf5 1/2-1/2

[Event "FIDE Online Nations Cup - Stati Uniti-Russia"]
[Site "Internet"]
[Date "08.05.2020"]
[Round "7"]
[Board "1"]
[White "Nakamura, Hikaru"]
[Black "Nepomniachtchi, Ian"]
[Result "1-0"]
[WhiteTitle "GM"]
[BlackTitle "GM"]
[WhiteElo "2736"]
[BlackElo "2784"]
[WhiteTeam "USA"]
[BlackTeam "Russia"]
[WhiteFideId "2016192"]
[BlackFideId "4168119"]
[EventDate "2020.05.05"]

1. d4 Nf6 2. c4 g6 3. Nc3 d5 4. cxd5 Nxd5 5. Na4 e5 6. dxe5 Bb4+ 7. Bd2 Qe7 8.
Nf3 Nc6 9. a3 Bxd2+ 10. Qxd2 Nb6 11. Nxb6 axb6 12. Qf4 O-O 13. e3 Ra5 14. Be2
Nxe5 15. O-O Bg4 16. Rfd1 Nxf3+ 17. Bxf3 Bxf3 18. Qxf3 c6 19. Rd4 Rd8 20. Rad1
Rxd4 21. Rxd4 Rb5 22. b4 Rf5 23. Qd1 c5 24. Rd7 Qf6 25. f4 cxb4 26. axb4 Qc3 27.
Kf2 Rf6 28. Qe1 Qb2+ 29. Rd2 Qe5 30. Rd8+ Kg7 31. Qd2 Qa1 32. h4 Rc6 33. Kg3 Qc3
34. Qd4+ Qxd4 35. Rxd4 h5 36. Kf3 Rc1 37. Rd6 Rc6 38. Rd5 Rc4 39. Rb5 Rc6 40. f5
f6 41. fxg6 Kxg6 42. e4 Re6 43. g3 Rc6 44. Ke3 Rc3+ 45. Kf4 Rc6 46. g4 hxg4 47.
Kxg4 Re6 48. Kf3 Rc6 49. Kf4 Re6 50. h5+ Kh6 51. Rd5 Rc6 52. Kf5 Rc4 53. b5 Rb4
54. Kxf6 Rxe4 55. Re5 Rc4 56. Ke7 Kh7 57. Re6 Rc5 58. Rxb6 Rxh5 59. Rxb7 Kg6 60.
Rb8 Kf5 61. Kd6 Ke4 62. b6 Kd4 63. Rd8 1-0

[Event "FIDE Online Nations Cup - Stati Uniti-Russia"]
[Site "Internet"]
[Date "08.05.2020"]
[Round "7"]
[Board "2"]
[White "Artemiev, Vladislav"]
[Black "Caruana, Fabiano"]
[Result "1/2-1/2"]
[WhiteTitle "GM"]
[BlackTitle "GM"]
[WhiteElo "2716"]
[BlackElo "2835"]
[WhiteTeam "Russia"]
[BlackTeam "USA"]
[WhiteFideId "24101605"]
[BlackFideId "2020009"]
[EventDate "2020.05.05"]

1. d4 d5 2. Nf3 Nf6 3. Bg5 Ne4 4. Bf4 Bf5 5. e3 e6 6. Nbd2 Bd6 7. Nxe4 Bxe4 8.
Bd3 Bxf4 9. exf4 Bxf3 10. Qxf3 g6 11. h4 h5 12. O-O-O Qd6 13. Rhe1 Nc6 14. Bb5
O-O-O 15. Re3 Ne7 16. Ra3 Kb8 17. g3 Rc8 18. Qc3 c6 19. Bd3 Rc7 20. b4 Nc8 21.
Kd2 Qd7 22. Re1 Nd6 23. Rb3 Kc8 24. a4 Kd8 25. a5 b6 26. axb6 axb6 27. Ra3 Ke7
28. Ra6 Rb8 29. Ke2 Nb5 30. Qa1 Kf6 31. Kf1 Kg7 32. Qb2 Ra7 33. Rxa7 Qxa7 34.
Ra1 Qc7 35. Kg1 Nd6 36. Qc3 Rd8 37. Ra6 Qb7 38. Qe1 Kg8 39. Qe5 Nc4 40. Bxc4
dxc4 41. Ra1 Ra8 42. Rxa8+ Qxa8 43. Qd6 Qa4 44. Qb8+ Kg7 45. Qe5+ Kg8 46. Qb8+
Kg7 47. Qe5+ Kg8 48. Qb8+ 1/2-1/2

[Event "FIDE Online Nations Cup - Stati Uniti-Russia"]
[Site "Internet"]
[Date "08.05.2020"]
[Round "7"]
[Board "3"]
[White "So, Wesley"]
[Black "Karjakin, Sergey"]
[Result "1/2-1/2"]
[WhiteTitle "GM"]
[BlackTitle "GM"]
[WhiteElo "2770"]
[BlackElo "2752"]
[WhiteTeam "USA"]
[BlackTeam "Russia"]
[WhiteFideId "5202213"]
[BlackFideId "14109603"]
[EventDate "2020.05.05"]

1. e4 e5 2. Nf3 Nc6 3. Bb5 Nf6 4. d3 Bc5 5. Bxc6 dxc6 6. Nbd2 Nd7 7. Nc4 f6 8.
O-O O-O 9. c3 Re8 10. d4 exd4 11. cxd4 Bf8 12. Re1 Nb6 13. b3 Be6 14. Qd3 Qd7
15. Bb2 Rad8 16. Rad1 Qf7 17. Na5 Bc8 18. Nc4 Be6 19. Na5 Bc8 20. Nc4 c5 21.
Nxb6 axb6 22. Qe3 cxd4 23. Nxd4 Qg6 24. f3 Qh5 25. Qe2 Bd6 26. g4 Qh3 27. Qg2
Qxg2+ 28. Kxg2 Be5 29. Bc3 c6 30. Ne2 Bc7 31. h4 Kf7 32. h5 b5 33. Ng3 Rxd1 34.
Rxd1 Be6 35. Nf5 Ra8 36. Rd2 Bf4 37. Rc2 g6 38. Ng3 c5 39. Ne2 Bd6 40. hxg6+
hxg6 41. Be1 b4 42. Bg3 Ke7 43. Bxd6+ Kxd6 44. Nf4 Bf7 45. Nd3 b6 46. f4 Ke7 47.
g5 Be6 48. Kf3 Rh8 49. gxf6+ Kxf6 50. Nf2 Rd8 51. Ng4+ Bxg4+ 52. Kxg4 Rd1 53.
e5+ Ke6 54. Rg2 b5 55. Kg5 Rf1 56. Rc2 Rg1+ 57. Kh6 Rg4 58. Rxc5 Rxf4 59. Rxb5
Rg4 60. Ra5 Rg2 61. Kg7 Rg3 62. Kh7 Rg2 63. Kh6 Rg3 64. Ra4 Rg2 65. Ra5 Rg3 66.
Kg7 Rg2 67. Kh7 Rg3 68. Ra4 Rg2 69. Rxb4 Rxa2 70. Re4 Ra5 71. Kxg6 Rxe5 72.
Rxe5+ Kxe5 73. Kh7 Kd4 74. b4 Kc4 75. Kh8 Kxb4 1/2-1/2

[Event "FIDE Online Nations Cup - Stati Uniti-Russia"]
[Site "Internet"]
[Date "08.05.2020"]
[Round "7"]
[Board "4"]
[White "Goryachkina, Aleksandra"]
[Black "Krush, Irina"]
[Result "1/2-1/2"]
[WhiteTitle "GM"]
[BlackTitle "GM"]
[WhiteElo "2582"]
[BlackElo "2429"]
[WhiteTeam "Russia"]
[BlackTeam "USA"]
[WhiteFideId "4147103"]
[BlackFideId "2012782"]
[EventDate "2020.05.05"]

1. d4 d5 2. c4 dxc4 3. e3 Nf6 4. Bxc4 e6 5. Nf3 c5 6. O-O Nc6 7. a3 a6 8. dxc5
Qxd1 9. Rxd1 Bxc5 10. b4 Be7 11. Bb2 O-O 12. Nbd2 Bd7 13. Be2 Rfd8 14. Ng5 Be8
15. Nge4 Nxe4 16. Nxe4 Rxd1+ 17. Rxd1 Rd8 18. Rxd8 Nxd8 19. Bd4 Bc6 20. Nc5 Bd5
21. Nd7 f6 22. Nb6 Bb3 23. Nc8 Bf8 24. Bb6 Nc6 25. Bf3 Bd5 26. e4 Bb3 27. e5 Bd5
28. Bxd5 exd5 29. e6 g6 30. g4 Kg7 31. f4 f5 32. g5 Be7 33. Kf2 Kf8 34. Ke3 Ke8
35. h4 Bf8 36. Kd3 Be7 37. Ke3 Bf8 38. Kd3 Be7 39. Ke3 1/2-1/2

[Event "FIDE Online Nations Cup - Resto del Mondo-Stati Uniti"]
[Site "Internet"]
[Date "08.05.2020"]
[Round "8"]
[Board "1"]
[White "Firouzja, Alireza"]
[Black "Nakamura, Hikaru"]
[Result "1/2-1/2"]
[WhiteTitle "GM"]
[BlackTitle "GM"]
[WhiteElo "2728"]
[BlackElo "2736"]
[WhiteTeam "Rest of the World"]
[BlackTeam "USA"]
[WhiteFideId "12573981"]
[BlackFideId "2016192"]
[EventDate "2020.05.05"]

1. d4 Nf6 2. c4 e6 3. Nf3 d5 4. Nc3 Be7 5. Bf4 O-O 6. e3 Nbd7 7. c5 Nh5 8. Bd3
Nxf4 9. exf4 c6 10. O-O b6 11. b4 a5 12. a3 Qc7 13. g3 Ba6 14. Bxa6 Rxa6 15. Qe2
Ra7 16. f5 axb4 17. axb4 Rxa1 18. Rxa1 bxc5 19. bxc5 e5 20. dxe5 Bxc5 21. Na4
Re8 22. Nxc5 Nxc5 23. Qe3 Ne4 24. Ra7 Qb8 25. Qa3 h6 26. Kg2 c5 27. Rd7 Rd8 28.
e6 fxe6 29. fxe6 Re8 30. Rxd5 Rxe6 31. Qd3 1/2-1/2

[Event "FIDE Online Nations Cup - Resto del Mondo-Stati Uniti"]
[Site "Internet"]
[Date "08.05.2020"]
[Round "8"]
[Board "2"]
[White "Caruana, Fabiano"]
[Black "Amin, Bassem"]
[Result "1-0"]
[WhiteTitle "GM"]
[BlackTitle "GM"]
[WhiteElo "2835"]
[BlackElo "2686"]
[WhiteTeam "USA"]
[BlackTeam "Rest of the World"]
[WhiteFideId "2020009"]
[BlackFideId "10601457"]
[EventDate "2020.05.05"]

1. d4 Nf6 2. c4 g6 3. Nc3 Bg7 4. e4 d6 5. Nge2 O-O 6. h3 c6 7. Ng3 e5 8. d5 a5
9. Be2 Na6 10. Be3 cxd5 11. cxd5 Nc5 12. Bxc5 dxc5 13. Nf1 a4 14. Nd2 Bd7 15.
O-O Ne8 16. Qc2 Qc7 17. Rad1 Nd6 18. Nc4 Ra5 19. Nxa5 Qxa5 20. b3 a3 21. Qd2 h5
22. Na4 Qa7 23. Qe3 b6 24. Nc3 Kh7 25. g4 Bh6 26. g5 Bg7 27. f4 exf4 28. Qxf4
Qb8 29. Qg3 Re8 30. Rf6 Bxf6 31. gxf6 b5 32. Bxh5 Nxe4 33. Bxg6+ fxg6 34. Qh4+
Kg8 35. Nxe4 Qe5 36. Qh6 1-0

[Event "FIDE Online Nations Cup - Resto del Mondo-Stati Uniti"]
[Site "Internet"]
[Date "08.05.2020"]
[Round "8"]
[Board "3"]
[White "Cori, Jorge"]
[Black "So, Wesley"]
[Result "0-1"]
[WhiteTitle "GM"]
[BlackTitle "GM"]
[WhiteElo "2652"]
[BlackElo "2770"]
[WhiteTeam "Rest of the World"]
[BlackTeam "USA"]
[WhiteFideId "3802272"]
[BlackFideId "5202213"]
[EventDate "2020.05.05"]

1. d4 Nf6 2. Nf3 d5 3. c4 e6 4. Nc3 Be7 5. Bg5 h6 6. Bh4 dxc4 7. e3 c5 8. Bxc4
cxd4 9. Nxd4 Bd7 10. O-O O-O 11. Qe2 Nc6 12. Rfd1 Qb6 13. Bg3 Nxd4 14. Rxd4 Rfd8
15. Rad1 Bc6 16. h3 Rxd4 17. Rxd4 Rd8 18. Rxd8+ Qxd8 19. Bb5 Qd7 20. Bxc6 Qxc6
21. Qd3 a6 22. Bh4 b5 23. b3 g5 24. Bg3 Nd7 25. Ne2 Nc5 26. Qd4 Ne4 27. f3 Nxg3
28. Nxg3 Qc1+ 29. Kh2 Qc7 30. f4 Bc5 31. Qc3 gxf4 32. Ne4 fxe3+ 33. g3 Bd6 34.
Qxe3 Qc2+ 35. Kh1 Qb1+ 36. Kg2 Qxa2+ 37. Kf3 Be7 38. Qc3 Qb1 39. Qc8+ Kh7 40.
Qe8 Qd3+ 41. Kf2 Kg7 42. Qxe7 Qxe4 43. b4 Qd4+ 0-1

[Event "FIDE Online Nations Cup - Resto del Mondo-Stati Uniti"]
[Site "Internet"]
[Date "08.05.2020"]
[Round "8"]
[Board "4"]
[White "Krush, Irina"]
[Black "Muzychuk, Mariya"]
[Result "1/2-1/2"]
[WhiteTitle "GM"]
[BlackTitle "GM"]
[WhiteElo "2429"]
[BlackElo "2544"]
[WhiteTeam "USA"]
[BlackTeam "Rest of the World"]
[WhiteFideId "2012782"]
[BlackFideId "14114550"]
[EventDate "2020.05.05"]

1. d4 Nf6 2. c4 g6 3. Nc3 d5 4. cxd5 Nxd5 5. e4 Nxc3 6. bxc3 Bg7 7. Bc4 c5 8.
Ne2 Nc6 9. Be3 O-O 10. O-O Bg4 11. f3 Bd7 12. Rc1 cxd4 13. cxd4 b5 14. Bxb5 Nxd4
15. Bxd7 Nxe2+ 16. Qxe2 Qxd7 17. Rfd1 Qb7 18. Rb1 Qc6 19. Rdc1 Qd7 20. Qb5 Rfd8
21. Qxd7 Rxd7 22. Rd1 Rxd1+ 23. Rxd1 a5 24. Rd7 e6 25. Ra7 Rxa7 26. Bxa7 Kf8 27.
Kf2 Ke7 28. Ke2 Kd6 29. Kd3 Kc6 30. Kc4 Be5 31. h3 h5 32. a4 Bd6 33. Be3 1/2-1/2

[Event "FIDE Online Nations Cup - Stati Uniti-Europa"]
[Site "Internet"]
[Date "09.05.2020"]
[Round "9"]
[Board "1"]
[White "Nakamura, Hikaru"]
[Black "Vachier-Lagrave, Maxime"]
[Result "1/2-1/2"]
[WhiteTitle "GM"]
[BlackTitle "GM"]
[WhiteElo "2736"]
[BlackElo "2778"]
[WhiteTeam "USA"]
[BlackTeam "Europe"]
[WhiteFideId "2016192"]
[BlackFideId "623539"]
[EventDate "2020.05.05"]

1. d4 d5 2. c4 c6 3. Nc3 Nf6 4. cxd5 cxd5 5. Bf4 Nc6 6. e3 Bf5 7. Qb3 Na5 8.
Qa4+ Bd7 9. Qc2 e6 10. Bd3 Bb4 11. Nf3 Nh5 12. Be5 f6 13. Bg3 f5 14. a3 Be7 15.
O-O Rc8 16. Qe2 O-O 17. Rac1 Nxg3 18. hxg3 Bd6 19. Bb5 Nc6 20. Rc2 g5 21. Bxc6
Rxc6 22. Rfc1 g4 23. Ne1 h5 24. Nd3 h4 25. Nf4 Rf7 26. Na2 Rxc2 27. Rxc2 Qf6 28.
Rd2 Rh7 29. Nc3 a6 30. Rd1 Kf7 31. Qc2 Qh6 32. a4 Rh8 33. Nce2 Qf6 34. b3 Rh6
35. Rc1 Qh8 36. Qd2 Rh7 37. Qc2 Rh6 38. Qd2 Rh7 1/2-1/2

[Event "FIDE Online Nations Cup - Stati Uniti-Europa"]
[Site "Internet"]
[Date "09.05.2020"]
[Round "9"]
[Board "2"]
[White "Aronian, Levon"]
[Black "Caruana, Fabiano"]
[Result "1/2-1/2"]
[WhiteTitle "GM"]
[BlackTitle "GM"]
[WhiteElo "2773"]
[BlackElo "2835"]
[WhiteTeam "Europe"]
[BlackTeam "USA"]
[WhiteFideId "13300474"]
[BlackFideId "2020009"]
[EventDate "2020.05.05"]

1. e4 e5 2. Nf3 Nc6 3. Bb5 a6 4. Ba4 Nf6 5. O-O b5 6. Bb3 Bb7 7. d3 Be7 8. Nc3
d6 9. a3 O-O 10. Ne2 Qd7 11. Ng3 Nd8 12. Nf5 Ne6 13. Ng5 Bd8 14. f4 Nxf4 15.
Bxf4 exf4 16. Rxf4 h6 17. Nh3 Kh8 18. Qf3 d5 19. e5 Nh7 20. d4 Bg5 21. Qg4 g6
22. Nxh6 Qxg4 23. Nxg4 Bxf4 24. Nxf4 Bc8 25. Nf2 c6 26. c3 Kg7 27. Bc2 Ng5 28.
Re1 Bd7 29. Re3 Rh8 30. Rg3 Ne6 31. N4d3 Rh4 32. Bd1 c5 33. Nxc5 Nxc5 34. dxc5
Re8 35. Re3 d4 36. cxd4 Rxd4 37. b4 a5 38. bxa5 Ra8 39. Bf3 Rxa5 40. c6 Be6 41.
Ne4 b4 42. axb4 Rxe5 43. Rc3 Bc8 44. Ra3 Rxb4 45. Nd6 Be6 46. c7 Rb1+ 47. Kf2
Rc1 48. Ra7 Rec5 49. h3 Kh6 50. Nxf7+ Bxf7 51. c8=Q Rxc8 52. Rxf7 R8c4 53. Kg3
Rc7 54. Rxc7 Rxc7 55. h4 Kg7 56. Kh3 Kf6 57. g3 Rc3 58. Be4 Re3 59. Bc6 Kf5 60.
Bd7+ Ke5 61. Kg4 Kf6 62. Bc6 Rc3 63. Bb7 Rc4+ 64. Kh3 Ke5 65. Bf3 Kd4 66. Kg2
Ke3 67. Bb7 Rb4 68. Bc6 Rb2+ 69. Kg1 Ke2 70. Be4 Rb4 71. Bxg6 Kf3 72. Kh2 Kf2
73. Kh3 Rb3 74. Kg4 Rxg3+ 75. Kf5 Rh3 76. h5 Rxh5+ 77. Bxh5 1/2-1/2

[Event "FIDE Online Nations Cup - Stati Uniti-Europa"]
[Site "Internet"]
[Date "09.05.2020"]
[Round "9"]
[Board "3"]
[White "So, Wesley"]
[Black "Giri, Anish"]
[Result "1/2-1/2"]
[WhiteTitle "GM"]
[BlackTitle "GM"]
[WhiteElo "2770"]
[BlackElo "2764"]
[WhiteTeam "USA"]
[BlackTeam "Europe"]
[WhiteFideId "5202213"]
[BlackFideId "24116068"]
[EventDate "2020.05.05"]

1. d4 Nf6 2. c4 g6 3. Nc3 d5 4. cxd5 Nxd5 5. e4 Nxc3 6. bxc3 Bg7 7. Be3 c5 8.
Rc1 Qa5 9. Qd2 cxd4 10. cxd4 Qxd2+ 11. Kxd2 O-O 12. Nf3 Nc6 13. d5 Rd8 14. Ke1
Na5 15. Bg5 Bd7 16. Bd3 Rdc8 17. Ke2 e6 18. Bd2 exd5 19. exd5 b6 20. Ba6 Re8+
21. Be3 Ba4 22. Rc7 Rad8 23. Rxa7 Rxd5 24. Rc1 Nc6 25. Bc4 Bb5 26. Rc7 Nd4+ 27.
Kf1 Nxf3 28. gxf3 Bxc4+ 29. R1xc4 b5 30. Rc8 Rdd8 31. Rxd8 Rxd8 32. Rb4 Ra8 33.
Rxb5 h5 1/2-1/2

[Event "FIDE Online Nations Cup - Stati Uniti-Europa"]
[Site "Internet"]
[Date "09.05.2020"]
[Round "9"]
[Board "4"]
[White "Dzagnidze, Nana"]
[Black "Krush, Irina"]
[Result "1-0"]
[WhiteTitle "GM"]
[BlackTitle "GM"]
[WhiteElo "2524"]
[BlackElo "2429"]
[WhiteTeam "Europe"]
[BlackTeam "USA"]
[WhiteFideId "13601903"]
[BlackFideId "2012782"]
[EventDate "2020.05.05"]

1. e4 c5 2. Nf3 d6 3. Bb5+ Bd7 4. Bxd7+ Qxd7 5. c4 g6 6. Nc3 Bg7 7. d4 cxd4 8.
Nxd4 Nf6 9. f3 O-O 10. Be3 Nc6 11. O-O a6 12. a4 Qc7 13. b3 Qa5 14. Qd2 Nxd4 15.
Bxd4 Nd7 16. Rfd1 Bxd4+ 17. Qxd4 Nf6 18. Nd5 Nxd5 19. exd5 Qc5 20. Qxc5 dxc5 21.
a5 Rfd8 22. Re1 Rd7 23. Kf2 Kg7 24. g4 g5 25. Kg3 Kf6 26. f4 h6 27. h4 gxh4+ 28.
Kxh4 e6 29. dxe6 fxe6 30. Re5 Rc8 31. Rae1 Rc6 32. Kh5 Rd3 33. Kxh6 Rxb3 34. g5+
Kf7 35. Kh5 Rh3+ 36. Kg4 Rc3 37. Rh1 Rxc4 38. Rh7+ Kg6 39. Re7 Rb4 40. R5xe6+
Rxe6 41. Rxe6+ Kf7 42. Rf6+ Kg7 43. Rd6 Rb5 44. Rd7+ Kf8 45. g6 c4 46. Rc7 Rxa5
47. f5 Ra1 48. f6 Rg1+ 49. Kf5 Rf1+ 50. Ke6 Re1+ 51. Kd5 c3 52. g7+ Kg8 53. Rc8+ 1-0

[Event "FIDE Online Nations Cup - Cina-Stati Uniti"]
[Site "Internet"]
[Date "09.05.2020"]
[Round "10"]
[Board "1"]
[White "Ding, Liren"]
[Black "Nakamura, Hikaru"]
[Result "1-0"]
[WhiteTitle "GM"]
[BlackTitle "GM"]
[WhiteElo "2791"]
[BlackElo "2736"]
[WhiteTeam "China"]
[BlackTeam "USA"]
[WhiteFideId "8603677"]
[BlackFideId "2016192"]
[EventDate "2020.05.05"]

1. e4 e5 2. Nf3 Nc6 3. Bc4 Bc5 4. d3 Nf6 5. c3 d6 6. O-O h6 7. Re1 O-O 8. Nbd2
a5 9. Nf1 Be6 10. Bb5 Bb6 11. Ng3 Ne7 12. h3 Nd7 13. d4 f5 14. dxe5 Nxe5 15. Nd4
Bc8 16. exf5 Nxf5 17. Ngxf5 Bxf5 18. Be3 Bd7 19. f4 Bxd4 20. Bxd4 Bxb5 21. fxe5
Bc6 22. Qg4 dxe5 23. Rxe5 Qd7 24. Qg3 Rae8 25. Rae1 Rxe5 26. Rxe5 a4 27. Re6 Kh7
28. Qd3+ Kg8 29. Rxh6 Qf5 30. Qg3 Qf1+ 31. Kh2 Qf4 32. Rg6 Qxg3+ 33. Kxg3 Rf7
34. Rg5 Kh7 35. b4 a3 36. Ra5 Re7 37. Kf2 Rf7+ 38. Kg3 Re7 39. Rxa3 Re2 40. Ra5
Rxg2+ 41. Kf4 Re2 42. Rh5+ Kg8 43. b5 Re4+ 44. Kf5 g6+ 45. Kxg6 Be8+ 46. Kf5
Bxh5 47. Kxe4 Be2 48. a4 Bd1 49. a5 Be2 50. Be5 Bxb5 51. Bxc7 Kf7 52. Kd5 Ke7
53. Kc5 Be2 54. Kb6 Bf3 55. c4 Kd7 56. c5 Kc8 57. h4 Be2 58. Bf4 Bf3 59. a6 bxa6
60. Kxa6 Kd7 61. Kb6 Kc8 62. c6 Bh5 63. Kc5 Bg4 64. Kd6 Kd8 65. c7+ Ke8 66. h5 1-0